Možno riešiť kalamitu v chránenom území konsenzom?
Možná definícia kalamity. Diferencovanie chránených území zákonom č. 543/2002 Z. z. o ochrane prírody a krajiny. Charakteristika konsenzu. Pohľad na kalamity v minulosti a v súčasnosti.
Guardado en:
| Autor principal: | |
|---|---|
| Otros Autores: | |
| Formato: | Capítulo de libro |
| Lenguaje: | eslovaco |
| Materias: | |
| Etiquetas: |
Sin Etiquetas, Sea el primero en etiquetar este registro!
|
MARC
| LEADER | 00000naa$a2200000$$$4500 | ||
|---|---|---|---|
| 001 | 0054074 | ||
| 005 | 20230928075046.4 | ||
| 041 | 0 | |a slo | |
| 044 | |a SK | ||
| 245 | 1 | 0 | |a Možno riešiť kalamitu v chránenom území konsenzom? |c Dagmar Sláviková, Dušan Slávik |
| 520 | |a Možná definícia kalamity. Diferencovanie chránených území zákonom č. 543/2002 Z. z. o ochrane prírody a krajiny. Charakteristika konsenzu. Pohľad na kalamity v minulosti a v súčasnosti. | ||
| 610 | 2 | 0 | |a konsenzus |
| 610 | 2 | 0 | |a príroda |
| 610 | 2 | 0 | |a ekológia |
| 610 | 2 | 0 | |a lesy |
| 610 | 2 | 0 | |a hospodárstvo lesné |
| 610 | 2 | 0 | |a činitele prírodné |
| 100 | 1 | |a Sláviková, Dagmar | |
| 700 | 1 | |a Slávik, Dušan | |